Železnice slovenskej republiky v integračnom procese do Európskej únie
Transformácia Železníc SR vychádza z nových smerníc EÚ č. 13,14,15 z roku 2001. Zmena štátnej dopravnej politiky. Dva smery transformácie ŽSR. Strategické ciele a úlohy ŽSR.
Salvato in:
| Autore principale: | |
|---|---|
| Natura: | Capitolo di libro |
| Lingua: | slovacco |
| Soggetti: | |
| Tags: |
Nessun Tag, puoi essere il primo ad aggiungerne!!
|
MARC
| LEADER | 00000naa a2200000 4500 | ||
|---|---|---|---|
| 001 | r042962 | ||
| 005 | 20230825084633.7 | ||
| 041 | 0 | |a slo | |
| 044 | |a SK | ||
| 245 | 1 | 0 | |a Železnice slovenskej republiky v integračnom procese do Európskej únie |c Dušan Pajdlhauser |
| 520 | |a Transformácia Železníc SR vychádza z nových smerníc EÚ č. 13,14,15 z roku 2001. Zmena štátnej dopravnej politiky. Dva smery transformácie ŽSR. Strategické ciele a úlohy ŽSR. | ||
| 610 | 2 | 0 | |a politika dopravná |
| 610 | 2 | 0 | |a doprava železničná |
| 610 | 2 | 0 | |a železnice |
| 610 | 2 | 0 | |a ŽSR |
| 610 | 2 | 0 | |a Slovensko |
| 100 | 1 | |a Pajdlhauser, Dušan | |